000 00862nam a22002777a 4500
003 CHAP
005 20220329134523.0
008 971013s1977 r 00010 d
010 _a21538
011 _a22510
035 _a26605
040 _cCHAP
090 _aFolleto 7084
100 0 0 _aBotero Zuloaga, Pedro José.
_914469
245 _aAnálisis de corrientes individuales y patrones de drenaje
260 _aBogotá :
_bCentro Interamericano de Fotointerpretación,
_c1977
300 _apág. varía.
_b: ilus.
590 _aBATCH-UPD
_b10
_c20130110
_lUCH01
_h1422
590 _aBATCH-UPD
_b10
_c20130410
_lUCH01
_h0903
590 _aBATCH-UPD
_b10
_c20130914
_lUCH01
_h1004
590 _aCONVERSION
_b10
_c20130109
_lUCH01
_h1313
650 1 4 _aDrenaje.
_934190
901 _aBK
942 _cFOLL
949 _aFolleto 7084
_bBC
_cFOLL
_d-61263
_eTS1
_i26605
_si
999 _c21538
_d21538